Integer programming

Saved in:
Bibliographic Details
Main Author: Garfinkel, Robert
Other Authors: Nemhauser, George L.
Format: Book
Language:English
Published: New York : Wiley, [1972]
Series:Series in decision and control
Subjects:
Tags: Add Tag
No Tags, Be the first to tag this record!

MARC

LEADER 00000cam a2200000 i 4500
001 1/34835
008 941103s1972 eng d
020 |a 0471291951 
035 |l 10039765 
040 |a GR-MY-UA  |b gre  |e aacr 
041 0 |a eng 
082 0 |a 519.77 
100 1 |a Garfinkel, Robert. 
245 1 0 |a Integer programming /  |c Robert S. Garfinkel, George L. Nemhauser 
260 |a New York :   |b Wiley,   |c [1972] 
300 |a xiv, 427 p;  |b illus;  |c 23 cm 
490 1 |a Series in decision and control 
500 |a "A Wiley-Interscience publication." 
504 |a Bibliography: p. 392-414 
650 0 0 |a Integer programming. 
700 1 |a Nemhauser, George L. 
830 0 |a Series in decision and control 
852 |a INST  |b SAMOS  |e 19941103  |h 519.77 GAR  |p 005300001152  |q 005300001152  |t BK  |y 0 
909 |a Σ  |b 008297